Príprava odborníkov v oblasti aplikovanej informatiky na Fakulte hospodárskej informatiky Ekonomickej univerzity v Bratislave

Informatika a úlohy Katedry aplikovanej informatiky (KAI). Štruktúra modulov z oblasti informatiky - základné štúdium, špecializované štúdium. Cieľ a obsah jednotlivých modulov, ktoré sa vyučujú na KAI.

Gespeichert in:
Bibliographische Detailangaben
1. Verfasser: Russev, Stojan Todorov
Weitere Verfasser: Štefánek, Ján, Kelemen, Jozef, Kvietková, Anna
Format: Buchkapitel
Sprache:Slowakisch
Schlagworte:
Tags: Tag hinzufügen
Keine Tags, Fügen Sie das erste Tag hinzu!

MARC

LEADER 00000naa a2200000 4500
001 r035383
005 20230918075934.2
041 0 |a slo 
044 |a SK 
245 1 0 |a Príprava odborníkov v oblasti aplikovanej informatiky na Fakulte hospodárskej informatiky Ekonomickej univerzity v Bratislave  |c Stojan Russev, Ján Štefánek, Jozef Kelemen, Anna Kvietková 
520 |a Informatika a úlohy Katedry aplikovanej informatiky (KAI). Štruktúra modulov z oblasti informatiky - základné štúdium, špecializované štúdium. Cieľ a obsah jednotlivých modulov, ktoré sa vyučujú na KAI. 
610 2 0 |a informatika 
610 2 0 |a informatika ekonomická 
610 2 0 |a štúdium vysokoškolské 
610 2 0 |a Fakulta hospodárskej informatiky Ekonomickej univerzity v Bratislave 
610 2 0 |a odbory študijné 
610 2 0 |a technológie informačné 
610 2 0 |a programovanie 
610 2 0 |a systémy informačné 
610 2 0 |a systémy expertné 
100 1 |a Russev, Stojan Todorov 
700 1 |a Štefánek, Ján 
700 1 |a Kelemen, Jozef 
700 1 |a Kvietková, Anna